000 00424nam a2200169Ia 4500
003 IN-BaIIA
008 211028s9999 xx 000 0 eng d
040 _cIIA Library
080 _a537.56
_bVON
100 _aVon Engel, A
_93171
245 0 _aIonized gases
_cA. von Engel.
260 _aOxford
_bThe Clarendon Press
_c1955
300 _ax, 281p.
650 _aIonized Gases
_91896
650 _aNASA Thesaurus
942 _cBK
999 _c1578
_d1578